Cardiff City Players to Make an Appearance 25/26 - Statistics

General Stats
  • This quiz has been taken 4 times
  • The average score is 23 of 45
Answer Stats
Hint Answer % Correct
#18- CM Alex Robertson
100%
#48- CB Dylan Lawlor
100%
#39- LW Isaak Davies
100%
#63- LB Jake Davies
100%
#3- LB Joel Bagan
100%
#27- CM Joel Colwill
100%
#11- RW Ollie Tanner
100%
#8- AM Omari Kellyman
100%
#38- RB Perry Ng
100%
#44- RB Ronan Kpakio
100%
#10- AM Rubin Colwill
100%
#6- DM Ryan Wintle
100%
#22- ST Yousef Salech
100%
#47- ST Callum Robinson
67%
#12- CB Calum Chambers
67%
#23- LB Calum Scanlon
67%
#16- LW Chris Willock
67%
#45- RW Cian Ashford
67%
#14- CM David Turnbull
67%
#4- CB Gabriel Osho
67%
#5- CB Jesper Daland
67%
#41- GK Matthew Turner
67%
#13- GK Nathan Trott
67%
#70- RB Noah Williams
67%
#2- CB Will Fish
67%
#28- DM Dakarai Mafico
33%
#24- DM Eli King
33%
#30- GK Harry Tyrer
33%
#55-AM Rob Tankiewicz
33%
#29- RW Tanatswa Nyakuhwa
33%
#60- CB Alyas Debono
0%
#31- LW Axel Donczew
0%
#64- ST Dan Ola
0%
#50- CB Gabriel Keita
0%
#67- CM Harry Watts
0%
#57-CB Jack Kingdon
0%
#69- ST Jack Sykes
0%
#49- LB Luey Giles
0%
#66- ST Luke Pearce
0%
#59- DM Matthew Apter
0%
#71- AM Paul Moreno
0%
#58- LB T-Jay Parfitt
0%
#62- AM Trey George
0%
#52- AM Troy Perrett
0%
#56- RB Will Spiers
0%
No matching quizzes found
Score Distribution
Percent of People with Each Score
Percentile by Number Answered
Your Score History
You have not taken this quiz